| 000 | 00365nam a2200145Ia 4500 | ||
|---|---|---|---|
| 008 | 240624s9999 xx 000 0 und d | ||
| 041 | _aeng | ||
| 082 | _a658.8342 SHE | ||
| 100 | _aHOLBROOK MORRIS B | ||
| 245 | _aLEGENDS IN CONSUMER BEHAVIOR | ||
| 260 |
_c2015 _aNew Delhi _bSage India |
||
| 300 | _alix, : 353 : p. : cm. ; 24 | ||
| 365 |
_cRS _b38 |
||
| 440 | _v11 | ||
| 999 |
_c26706 _d26706 |
||